| 000 | 00497nam a2200181Ia 4500 | ||
|---|---|---|---|
| 001 | 4485 | ||
| 005 | 20260306145759.0 | ||
| 008 | 260306t2009||||xx |||||||||||||| ||spa|| | ||
| 041 | _aESP | ||
| 082 |
_a323.1 _bR76G |
||
| 100 |
_aRodríguez Rescia, Víctor _eAUT |
||
| 245 | 0 |
_aCasos hipotéticos para el estudio y capacitación en derechos humanos: _bGuía para el profesor |
|
| 260 | _c2009 | ||
| 300 |
_a105 páginas : _c28 cm. |
||
| 650 | _aGEN | ||
| 654 | _aCHU | ||
| 942 |
_cLIB _dJUS _fJUS _2ddc _n |
||
| 999 |
_c4485 _d4485 |
||